Rozpoznaj po podpowiedzi postać z Gwiezdnych Wojen - Statystyki

Ogólne statystyki
  • Ten quiz został rozwiązany 36 razy
  • Średni wynik to 11 z 15
Statystyki odpowiedzi
Opis Postać % Poprawnych
Stary, zielony Yoda
100%
Królowa, senator Padmé
93%
Podwójny miecz Darth Maul
89%
Alter ego powyższego Darth Vader
89%
Niezdarny Gunganin Jar Jar Binks
89%
Wybraniec, Tatooine Anakin Skywalker
86%
Syn powyższego Boba Fett
82%
Łowca nagród, Kamino Jango Fett
82%
Fiolet, Vapaad Mace Windu
82%
Ben, pustelnik Obi-wan Kenobi
82%
Manipulator, Naboo Palpatine
79%
Były Jedi, arystokrata Hrabia Dooku
75%
Separatyści, cyborg Grievous
39%
Wicekról Federacji Handlowej Nute Gunray
25%
Unia technokratyczna Wat Tambor
14%
Nie znaleziono quizów pasujących do podanych kryteriów
Rozkład punktacji
Procent ludzi z każdym wynikiem
Percentyl według liczby udzielonych odpowiedzi
Twoja historia wyników
Nie rozwiązałeś tego quizu